Normal view
MARC view
Entry Personal Name
001 - CONTROL NUMBER
- control field: 31767
003 - CONTROL NUMBER IDENTIFIER
- control field: dpl
005 - DATE AND TIME OF LATEST TRANSACTION
- control field: 20110808114512.0
008 - FIXED-LENGTH DATA ELEMENTS
- fixed length control field: 110808|||a|||||| | ||| d
040 ## - CATALOGING SOURCE
- Original cataloging agency: dpl
- Transcribing agency: dpl
100 ## - HEADING--PERSONAL NAME
- Personal name: Mukhopadhyay, Sirshendu
670 ## - SOURCE DATA FOUND
- Source citation: Work cat.: (dpl)51321: Mukhopadhyay, Sirshendu, There was no one at the bus stop /, 2010
670 ## - SOURCE DATA FOUND
- Source citation: Work cat.: (dpl)51321: Mukhopadhyay, Sirshendu, There was no one at the bus stop /, 2010
